000
00289nam a22001337a 4500
008
180914b xxu||||| |||| 00| 0 eng d
020
_a
847003
041
_a
eng
080
_a
616
100
_a
9
101
_a
PAT
245
_a
A Handbook of Stuttering
_c
Bloodstein, O
942
_2
udc
_c
BK
999
_c
47770
_d
47770